000 00518nam a2200169 i 4500
001 24713
003 ES-MaACL
005 20250905131116.0
007 t|
008 021218s1859 sp ||||1| spa d
245 0 0 _aCrímenes célebres españoles /
_ccolección dirigida por Manuel Angelón.
260 _aMadrid, etc. :
_bSalvador Montserrat,
_c1859 (
_fLuis Tasso)
300 _a796 p. :
_bil. ;
_c24 cm.
700 1 _aAngelón, Manuel,
_d1831-1889
_921725
852 _aES-MaACL
_jC-2125
999 _c24713
_d24713